Guía ambiental del subsector fiquero / (Registro nro. 19045)

Detalles MARC
000 -CABECERA
Campo de control 00961nam a2200229 a 4500
005 - FECHA Y HORA DE LA ULTIMA TRANSACCION
Campo de control 20180803170332.0
008 - ELEMENTOS DE LONGITUD FIJA—INFORMACION GENERAL
Campo de control 160922b2006 ck ad|||r|||| 00| 0 spa d
020 ## - ISBN
ISBN 9789589778531
040 ## - FUENTE DE CATALOGACIÓN
Agencia catalogadora original CO-BoIAVH
Agencia transcriptora CO-BoIAVH
041 0# - IDIOMA
Código de idioma para texto/pista de sonido o título separado Español
044 ## - PAÍS DE PUBLICACIÓN
País de publicación Colombia
082 04 - NUMERO DE CLASIFICACION DECIMAL DEWEY
Número de clasificación 333.7513
Número del ítem C71g
110 1# - ASIENTO PRINCIPAL--NOMBRE CORPORATIVO
Nombre corporativo o de jurisdicción como elemento de entrada Colombia
Unidad subordinad Ministerio de Ambiente, Vivienda y Desarrollo Territorial
9 (RLIN) 92336
245 10 - MENCION DE TITULO
Título Guía ambiental del subsector fiquero /
Mención de responsabilidad Ministerio de Ambiente, Vivienda y Desarrollo Territorial
260 ## - PUBLICACION, DISTRIBUCION, ETC. (PIE DE IMPRENTA)
Lugar de publicación, distribución, etc. Bogotá, Colombia :
Nombre del editor, distribuidor, etc. Ministerio de Ambiente, Vivienda y Desarrollo Territorial,
Fecha de publicación, distribución, etc. 2006.
300 ## - DESCRIPCION FISICA
Extensión 121 páginas :
Otros detalles físicos ilustraciones, tablas y gráficas ;
Dimensiones 28 x 21 cm.
504 ## - NOTA DE BIBLIOGRAFIA, ETC.
Nota de bibliografía Incluye referencias bibliográficas.
650 24 - ASIENTO SECUNDARIO DE MATERIA - TERMINO TEMATICO
Término temático o nombre geográfico como elemento de entrada Fique
Subdivisión general Aspectos ambientales
Subdivisión geográfica Colombia
Subdivisión de forma Guías
9 (RLIN) 76446
650 24 - ASIENTO SECUNDARIO DE MATERIA - TERMINO TEMATICO
Término temático o nombre geográfico como elemento de entrada Fique
Subdivisión general cultivo
-- buenas prácticas
Subdivisión de forma Guías
9 (RLIN) 76447
710 1# - ASIENTO SECUNDARIO - NOMBRE CORPORATIVO
Nombre corporativo o de jurisdicción como elemento de entrada Colombia
Unidad subordinada Ministerio de Agricultura y Desarrollo Rural
9 (RLIN) 6763
942 ## - ELEMENTOS ADICIONALES (KOHA)
Sistema de clasificación Dewey Decimal Classification
Tipo de ítem Libro
Existencias
Withdrawn status Lost status Sistema de Clasificación Damaged status No para préstamo Colección Inventariado Ubicación Permanente Ubicación actual Fecha de adquisición Total Checkouts Número topográfico Inventario / Código de Barras Date last seen Ejemplar Price effective from Forma de adquisición Tipo de material
    Dewey Decimal Classification     General Inventariado 2017 Bogotá Bogotá 22/09/2016   LB-333.7513 C71g 034820 22/09/2016 Ej. 1 22/09/2016 Donación Libro